000 00504nam a2200205Ia 4500
003 OSt
005 20140318084436.0
008 140130s9999 xx 000 0 und d
020 _a0590413848
050 _aPZ 7
_b.M1464Mi 1987
100 _aMacDonald, Betty
245 _aMrs.Piggle-wiggles magic /
_cBetty MacDonald.
260 _bScholastic,
_a1987.
_cNew York :
300 _a126 p. :
_bill. ;
_c18 cm.
440 _v1
521 _aG11
526 _c1070
942 _cBK
_2lcc
999 _c42255
_d42255